<?xml version="1.0" encoding="UTF-8"?><?xml-stylesheet type="text/xsl" href="static/style.xsl"?><OAI-PMH xmlns="http://www.openarchives.org/OAI/2.0/" xmlns:xsi="http://www.w3.org/2001/XMLSchema-instance" xsi:schemaLocation="http://www.openarchives.org/OAI/2.0/ http://www.openarchives.org/OAI/2.0/OAI-PMH.xsd"><responseDate>2026-06-02T09:05:57Z</responseDate><request verb="GetRecord" identifier="oai:riuma.uma.es:10630/20589" metadataPrefix="marc">https://riuma.uma.es/rest/oai/request</request><GetRecord><record><header><identifier>oai:riuma.uma.es:10630/20589</identifier><datestamp>2026-02-03T12:05:46Z</datestamp><setSpec>com_10630_2254</setSpec><setSpec>col_10630_37959</setSpec></header><metadata><record xmlns="http://www.loc.gov/MARC21/slim" xmlns:dcterms="http://purl.org/dc/terms/" xmlns:doc="http://www.lyncode.com/xoai" xmlns:xsi="http://www.w3.org/2001/XMLSchema-instance" xsi:schemaLocation="http://www.loc.gov/MARC21/slim http://www.loc.gov/standards/marcxml/schema/MARC21slim.xsd">
   <leader>00925njm 22002777a 4500</leader>
   <datafield ind2=" " ind1=" " tag="042">
      <subfield code="a">dc</subfield>
   </datafield>
   <datafield ind2=" " ind1=" " tag="720">
      <subfield code="a">Mejías-Ortega, Marina</subfield>
      <subfield code="e">author</subfield>
   </datafield>
   <datafield ind2=" " ind1=" " tag="720">
      <subfield code="a">Sánchez-Mejías, Elisabeth</subfield>
      <subfield code="e">author</subfield>
   </datafield>
   <datafield ind2=" " ind1=" " tag="720">
      <subfield code="a">Núñez-Díaz, Cristina</subfield>
      <subfield code="e">author</subfield>
   </datafield>
   <datafield ind2=" " ind1=" " tag="720">
      <subfield code="a">Trujillo-Estrada, Laura Isabel</subfield>
      <subfield code="e">author</subfield>
   </datafield>
   <datafield ind2=" " ind1=" " tag="720">
      <subfield code="a">Sánchez-Varo, Raquel María</subfield>
      <subfield code="e">author</subfield>
   </datafield>
   <datafield ind2=" " ind1=" " tag="720">
      <subfield code="a">Dávila-Cansino, José Carlos</subfield>
      <subfield code="e">author</subfield>
   </datafield>
   <datafield ind2=" " ind1=" " tag="720">
      <subfield code="a">Gutiérrez-Pérez, Antonia</subfield>
      <subfield code="e">author</subfield>
   </datafield>
   <datafield ind2=" " ind1=" " tag="260">
      <subfield code="c">2020-12-16</subfield>
   </datafield>
   <datafield ind2=" " ind1=" " tag="520">
      <subfield code="a">Parenchymal microglia, the brain-resident immune cells capable of responding to damage and disease, has been postulated as a critical factor in the Alzheimer´s disease (AD) progression. Apart from microglia, CNS macrophages, (PVMs), are also involved in neurodegeneration. However, the implication of myeloid cells in the human pathology have not been determined yet. Here, we analyzed the phenotypic profile displayed by these damage associated myeloid cells in the frontal cortex of AD brains. For this purpose, immunohistochemistry and image analysis approaches have been carried out in postmortem samples from non-demented controls and AD cases. Frontal cortex of AD patients showed strong myeloid activation similar to that observed in amyloidogenic mice. Microglial cells of Braak V VI patients were observed forming clusters and exhibited, both plaque and interplaque damage-associated&#xd;
phenotype. Moreover, in these individuals the PVMs were localized in the parenchyma, predominantly located surrounding amyloid plaques. On the contrary, Braak II with mild amyloid pathology (CERAD B) cases presented only activated microglial cells, while, immunoreactivity of CD163 was absent.These strongly activated myeloid cells, could drive the AD pathology and, in consequence, could be implicated in the&#xd;
pathology progression.Taken together, these findings suggest the existence of two populations of myeloid cells associated with Aβ plaques in the frontal cortex in the advanced stages of the pathology and probably due to failures in the integrity of the blood-brain barrier. The differential contribution of these two myeloid populations to the pathogenesis of the disease remains to be elucidated. These results open the opportunity to design targeted therapies, not only to microglia, but also to the population of macrophages, in order to modulate amyloid pathology and provide a better understanding of the immunological mechanisms underlying AD progression.</subfield>
   </datafield>
   <datafield ind1="8" ind2=" " tag="024">
      <subfield code="a">https://hdl.handle.net/10630/20589</subfield>
   </datafield>
   <datafield tag="653" ind2=" " ind1=" ">
      <subfield code="a">Alzheimer, enfermedad de</subfield>
   </datafield>
   <datafield tag="653" ind2=" " ind1=" ">
      <subfield code="a">Sistema nervioso - Degeneración</subfield>
   </datafield>
   <datafield ind2="0" ind1="0" tag="245">
      <subfield code="a">Coexistance of different myeloid populations in the frontal cortex of alzheimer's disease patients</subfield>
   </datafield>
</record>
</metadata></record></GetRecord></OAI-PMH>